| 000 | 00761cab a2200229 4500 | ||
|---|---|---|---|
| 001 | WB3138-50 | ||
| 008 | 090401t1995 xxu||||| |||| 00| 0 eng d | ||
| 035 | _a(Sirsi) u68361 | ||
| 041 | _aeng | ||
| 245 | _aFreehold registration fee | ||
| 260 | _c1995 | ||
| 350 | _a0 | ||
| 490 |
_aFinancial Times _v9 October 1995, 23(1) |
||
| 520 | _aClause in freehold registration for Gunter Estates means that a fee, at present £25, chargeable when the freehold changes hands, means that in 100 years a freehold will cost £30,000. | ||
| 650 | _aFREEHOLD REGISTRATION | ||
| 650 | _aGUNTER ESTATES | ||
| 650 | _aLEASEHOLD ENFRANCHISEMENT | ||
| 650 | _aMANAGEMENT SCHEME | ||
| 690 | _aLANDLORD AND TENANT-LEASEHOLD REFORM | ||
| 942 | _n0 | ||
| 948 | _c04/03/1997 | ||
| 999 |
_c42894 _d42894 |
||